[Event "IRI-chT 17th"]
[Site "Rasht"]
[Date "2018.11.01"]
[Round "3.1"]
[White "Bagheri, Maziar"]
[Black "Shahzamani, Arman"]
[Result "1-0"]
[WhiteElo "2281"]
[BlackElo "2029"]
[PlyCount "65"]
[EventDate "2018.10.31"]
[EventType "team-swiss"]
[EventRounds "7"]
[EventCountry "IRI"]
[SourceTitle "CBM 187 Extra"]
[Source "ChessBase"]
[SourceDate "2018.11.04"]
[SourceVersion "1"]
[SourceVersionDate "2018.11.04"]
[SourceQuality "1"]
[WhiteTeam "Daneshgah Azad"]
[BlackTeam "Heyat Shatranj Larestan"]
[WhiteTeamCountry "IRI"]
[BlackTeamCountry "IRI"]

1. d4 Nf6 2. c4 c5 3. Nf3 cxd4 4. Nxd4 Nc6 5. g3 g6 6. Bg2 Bg7 7. 0-0 0-0 8. Nc3 d6 9. Nxc6 bxc6 10. Bxc6 Rb8 11. Bg2 Qa5 12. Qc2 Bb7 13. Bd2 Bxg2 14. Kxg2 Qc5 15. b3 d5 16. Na4 Qc6 17. c5 Ne4 18. Rac1 f5 19. f3 Nxd2 20. Qxd2 e5 21. Nb2 e4 22. Rfd1 Rbd8 23. b4 Rfe8 24. Rf1 Qa6 25. fxe4 fxe4 26. a4 Re5 27. Nc4 Rh5 28. Nd6 Qxa4 29. c6 Qb3 30. c7 Rc8 31. Nxc8 Be5 32. Ne7+ Kg7 33. e3 1-0

[Event "Yerevan op 2nd"]
[Site "Yerevan"]
[Date "2017.09.23"]
[Round "5"]
[White "Shahzamani, Arman"]
[Black "Petrosyants, Argishti"]
[Result "1-0"]
[WhiteElo "2064"]
[BlackElo "1667"]
[PlyCount "71"]
[EventDate "2017.09.19"]
[EventType "swiss"]
[EventRounds "9"]
[EventCountry "ARM"]
[SourceTitle "CBM 180 Extra"]
[Source "ChessBase"]
[SourceDate "2017.10.06"]
[SourceVersion "1"]
[SourceVersionDate "2017.10.06"]
[SourceQuality "1"]

1. d4 d5 2. Nc3 Nf6 3. Bg5 e6 4. e4 dxe4 5. Nxe4 Nbd7 6. Nf3 Be7 7. Nxf6+ Nxf6 8. Bd3 0-0 9. Qe2 b6 10. Bxf6 g6 11. Bxe7 Qxe7 12. 0-0-0 Bb7 13. Be4 Bxe4 14. Qxe4 a5 15. d5 a4 16. a3 Ra5 17. dxe6 fxe6 18. Rhe1 Re8 19. Re3 Qf6 20. Rd7 Rb5 21. Qd4 Rf5 22. Qxf6 Rxf6 23. Rxc7 g5 24. h3 h5 25. Re5 Rf5 26. Rc4 b5 27. Rce4 Ref8 28. Rxe6 Kh7 29. R6e5 Kg6 30. Rxf5 Rxf5 31. Re6+ Kf7 32. Re5 Rf4 33. Rxg5 h4 34. Rxb5 Kg7 35. Rb4 Rf5 36. Rxa4 1-0

[Event "Yerevan op 1st"]
[Site "Yerevan"]
[Date "2016.10.09"]
[Round "8"]
[White "Shahzamani, Arman"]
[Black "Poghosyan, Suren"]
[Result "0-1"]
[WhiteElo "2124"]
[BlackElo "2260"]
[PlyCount "80"]
[EventDate "2016.10.02"]
[EventType "swiss"]
[EventRounds "9"]
[EventCountry "ARM"]
[SourceTitle "EXT 2017"]
[Source "ChessBase"]
[SourceDate "2016.10.25"]
[SourceVersion "1"]
[SourceVersionDate "2016.10.25"]
[SourceQuality "1"]

1. e4 e6 2. d4 d5 3. Nc3 Bb4 4. Qd3 Ne7 5. Nge2 b6 6. Bd2 Ba6 7. Qe3 0-0 8. 0-0-0 c5 9. exd5 exd5 10. a3 Bxc3 11. Bxc3 Bxe2 12. Bxe2 c4 13. h4 Nbc6 14. g4 b5 15. h5 a5 16. Qf4 b4 17. h6 Ng6 18. Qh2 bxc3 19. hxg7 Kxg7 20. Qh6+ Kf6 21. f4 cxb2+ 22. Kb1 Qd6 23. Qg5+ Ke6 24. Bxc4 Kd7 25. Bxd5 Nxf4 26. Rh6 Ng6 27. Rxh7 Qxa3 28. Ba2 Nge7 29. Re1 Rab8 30. d5 Nd4 31. Rh3 Qd6 32. Rh6 Qc5 33. c4 Nf3 34. Rxe7+ Qxe7 35. Qf5+ Kd8 36. Rh1 Qe4+ 37. Qxe4 Nd2+ 38. Kc2 Nxe4 39. Re1 Re8 40. Bb1 Nd6 0-1

[Event "Yerevan op 1st"]
[Site "Yerevan"]
[Date "2016.10.07"]
[Round "6"]
[White "Shahzamani, Arman"]
[Black "Javdan, Asmail"]
[Result "1/2-1/2"]
[WhiteElo "2124"]
[BlackElo "1919"]
[PlyCount "106"]
[EventDate "2016.10.02"]
[EventType "swiss"]
[EventRounds "9"]
[EventCountry "ARM"]
[SourceTitle "EXT 2017"]
[Source "ChessBase"]
[SourceDate "2016.10.25"]
[SourceVersion "1"]
[SourceVersionDate "2016.10.25"]
[SourceQuality "1"]

1. e4 c5 2. Nc3 a6 3. f4 b5 4. Nf3 Bb7 5. d3 e6 6. e5 d6 7. Ne4 dxe5 8. Nxe5 Bxe4 9. dxe4 Qxd1+ 10. Kxd1 Nf6 11. g3 Nbd7 12. Nxd7 Rd8 13. a4 Rxd7+ 14. Ke1 c4 15. axb5 axb5 16. Bg2 Bb4+ 17. c3 Bc5 18. Ra5 0-0 19. Rxb5 Ba7 20. Bf3 Rfd8 21. Rb4 h5 22. h3 Rd3 23. Ke2 Nd7 24. Rxc4 Nc5 25. Be3 Rxe3+ 26. Kxe3 Nb3+ 27. Ke2 Rd2+ 28. Ke1 Bf2+ 29. Kf1 Bxg3 30. Be2 h4 31. e5 Rxb2 32. Rb4 Kh7 33. Bd3+ g6 34. Kg1 Bf2+ 35. Kf1 Bg3 36. Be2 Kg7 37. Rg1 Kh7 38. Rxg3 hxg3 39. Bd1 Rf2+ 40. Kg1 Nd2 41. Bg4 Nf3+ 42. Bxf3 Rxf3 43. Rc4 Kh6 44. Kg2 Rd3 45. Rc7 Kg7 46. c4 Rc3 47. c5 Kf8 48. c6 Kg8 49. Rc8+ Kg7 50. h4 Kh7 51. Rc7 Kg7 52. Kh3 Kg8 53. Kg2 Kf8 1/2-1/2

[Event "Yerevan op 1st"]
[Site "Yerevan"]
[Date "2016.10.06"]
[Round "5"]
[White "Sandipan, Chanda"]
[Black "Shahzamani, Arman"]
[Result "1-0"]
[WhiteElo "2593"]
[BlackElo "2124"]
[PlyCount "85"]
[EventDate "2016.10.02"]
[EventType "swiss"]
[EventRounds "9"]
[EventCountry "ARM"]
[SourceTitle "EXT 2017"]
[Source "ChessBase"]
[SourceDate "2016.10.25"]
[SourceVersion "1"]
[SourceVersionDate "2016.10.25"]
[SourceQuality "1"]

1. d4 g6 2. e4 d6 3. Nf3 Bg7 4. c3 Nf6 5. Bd3 0-0 6. 0-0 Nbd7 7. Nbd2 c6 8. Re1 e5 9. a4 Qc7 10. Nf1 Nh5 11. Be3 Ndf6 12. h3 d5 13. dxe5 dxe4 14. exf6 Nxf6 15. Bc4 exf3 16. Qxf3 Qa5 17. Bd4 Nd7 18. Re7 Qf5 19. Qxf5 gxf5 20. Rae1 Bxd4 21. cxd4 Nf6 22. Ng3 b5 23. axb5 cxb5 24. Ba2 b4 25. R1e5 b3 26. Bxb3 Rb8 27. Bc4 Rxb2 28. Nxf5 Bxf5 29. Rxf5 Rb4 30. Rg5+ Kh8 31. Bxf7 Rxd4 32. Rxa7 Ne4 33. Rh5 Nf6 34. Rf5 Rd1+ 35. Kh2 Ne4 36. Bg6 Nf6 37. Bxh7 Rd4 38. Bg6 Rh4 39. Rf7 Rxf7 40. Bxf7 Ng4+ 41. Kg3 Nh6 42. Kxh4 Nxf5+ 43. Kg5 1-0

[Event "Esfahan Norouz Cup 2nd"]
[Site "Esfahan"]
[Date "2012.03.27"]
[Round "5"]
[White "Khaje Hesamedini, Ali"]
[Black "Shahzamani, Arman"]
[Result "1-0"]
[WhiteElo "2161"]
[BlackElo "2015"]
[PlyCount "73"]
[EventDate "2012.03.24"]
[EventType "swiss"]
[EventRounds "9"]
[EventCountry "IRI"]
[SourceTitle "CBM 147 Extra"]
[Source "ChessBase"]
[SourceDate "2012.04.24"]
[SourceVersion "1"]
[SourceVersionDate "2012.04.24"]
[SourceQuality "1"]

1. Nf3 Nf6 2. g3 g6 3. Bg2 Bg7 4. 0-0 0-0 5. c4 d6 6. d4 c6 7. Nc3 Nbd7 8. h3 e5 9. e4 Qb6 10. Re1 exd4 11. Nxd4 Re8 12. Re2 Ng4 13. Rd2 Nge5 14. b3 Nc5 15. Rc2 a5 16. Be3 a4 17. Rb1 axb3 18. axb3 Qb4 19. Ncb5 Na6 20. Bd2 Qc5 21. b4 Qb6 22. Nxd6 Qxd4 23. Nxe8 Bxh3 24. Bxh3 Rxe8 25. b5 Nb8 26. Bf4 Qxe4 27. Bg2 Qf5 28. Re2 h5 29. Rb3 Kh7 30. Rbe3 f6 31. Bxe5 fxe5 32. Qd6 h4 33. gxh4 Bf6 34. Rf3 Qb1+ 35. Kh2 Bg7 36. Rf7 Kg8 37. Be4 1-0

[Event "Armen Norouz Cup 1st"]
[Site "Esfahan"]
[Date "2011.03.26"]
[Round "2"]
[White "Shahzamani, Arman"]
[Black "Javanbakht, Nima"]
[Result "1/2-1/2"]
[WhiteElo "2035"]
[BlackElo "2268"]
[PlyCount "64"]
[EventDate "2011.03.25"]
[EventType "swiss"]
[EventRounds "9"]
[EventCountry "IRI"]
[SourceTitle "CBM 141 Extra"]
[Source "ChessBase"]
[SourceDate "2011.05.03"]
[SourceVersion "1"]
[SourceVersionDate "2011.05.03"]
[SourceQuality "1"]

1. d4 d5 2. Nc3 Nf6 3. Bg5 c6 4. Qd3 g6 5. f3 Bg7 6. 0-0-0 Na6 7. e4 dxe4 8. fxe4 Qa5 9. Bxf6 Bxf6 10. Nf3 Nb4 11. Qc4 Be6 12. d5 cxd5 13. Qb5+ Qxb5 14. Bxb5+ Kf8 15. e5 Bg7 16. a3 Nc6 17. Nxd5 Rc8 18. Rhe1 Na5 19. Kb1 Bh6 20. Nc3 Rc7 21. Nd4 Bg4 22. Be2 Bxe2 23. Rxe2 Kg7 24. Ncb5 Rcc8 25. Nxa7 Rcd8 26. c3 Nc4 27. g3 e6 28. Nab5 Rd5 29. Rde1 Bd2 30. Rd1 Bh6 31. Rde1 Bd2 32. Rd1 Bh6 1/2-1/2